Marianela / (Registro nro. 12749)

Detalles MARC
000 -LEADER
fixed length control field 00590nam a22002057a 4500
003 - CONTROL NUMBER IDENTIFIER
control field DO-SdBNP
005 - DATE AND TIME OF LATEST TRANSACTION
control field 20180130114533.0
008 - FIXED-LENGTH DATA ELEMENTS--GENERAL INFORMATION
fixed length control field 171102b ||||| |||| 00| 0 spa d
040 ## - CATALOGING SOURCE
Original cataloging agency BPMSU
Language of cataloging spa
Transcribing agency BPMSU
100 1# - MAIN ENTRY--PERSONAL NAME
Personal name Pérez Galdós, Benito,
Dates associated with a name 1843-1920.
245 10 - TITLE STATEMENT
Title Marianela /
Statement of responsibility, etc. Benito Pérez Galdós.
260 ## - PUBLICATION, DISTRIBUTION, ETC. (IMPRINT)
Place of publication, distribution, etc. [s.l.] :
Name of publisher, distributor, etc. [s.n.],
Date of publication, distribution, etc. [s.f.].
300 ## - PHYSICAL DESCRIPTION
Extent 185 p. ;
Dimensions 21 cm.
490 1# - SERIES STATEMENT
Series statement Los clásicos
500 ## - GENERAL NOTE
General note Incluye notas al pie de las páginas
830 #0 - SERIES ADDED ENTRY--UNIFORM TITLE
Uniform title Los clásicos
942 ## - ADDED ENTRY ELEMENTS (KOHA)
Source of classification or shelving scheme Dewey Decimal Classification
Koha item type Libros
945 ## - LOCAL PROCESSING INFORMATION (OCLC)
a Inventariado, 2018 /LP
956 ## - LOCAL ELECTRONIC LOCATION AND ACCESS (OCLC)
Host name BTAVAREZ
Access number 10
Compression information 20171102
Path 0038
Existencias
Withdrawn status Lost status Source of classification or shelving scheme Damaged status Not for loan Collection code Home library Current library Date acquired Source of acquisition Total Checkouts Barcode Date last seen Price effective from Koha item type
    Dewey Decimal Classification     Colección General Biblioteca Pública Metropolitana Salomé Ureña Biblioteca Pública Metropolitana Salomé Ureña 11/02/2017 FUNDI   BPMSU17110027 11/02/2017 11/02/2017 Libros